|
|
|
|
| LEADER |
04100nam a2200409 a 4500 |
| 001 |
GR-Antirio1053 |
| 008 |
140910s2004 nju g b 001 0 eng d |
| 020 |
|
|
|a 0131410989
|
| 040 |
|
|
|a GrPaTEI
|b gre
|c GR-PaULI
|
| 040 |
|
|
|a GrPaTEI
|b gre
|c GR-PaULI
|
| 082 |
|
0 |
|a 004.6
|2 22
|
| 100 |
1 |
|
|a Stallings, William
|
| 245 |
1 |
0 |
|a Computer networking with internet protocols and technology /
|c William Stallings.
|
| 260 |
|
|
|a Upper Saddle River. N.J. :
|b Pearson/Prentice Hall,
|c 2004
|
| 300 |
|
|
|a xiv, 642 σ. :
|b εικ.
|
| 490 |
0 |
|
|a Computer networking with internet protocols and technology / William Stallings
|
| 504 |
|
|
|a Περιλαμβάνει βιβλιογραφίες και ευρετήριο.
|
| 650 |
|
0 |
|a Computer networks
|
| 650 |
|
4 |
|a Δίκτυα υπολογιστών
|
| 710 |
0 |
|
|a Pearson Prentice Hall
|
| 942 |
|
|
|2 ddc
|
| 952 |
|
|
|0 0
|1 0
|2 ddc
|4 0
|6 004_600000000000000_STA
|7 0
|9 262813
|a LISK-2
|b LISK-2
|c BSC
|d 2021-01-17
|e 24
|f 0
|g 0.00
|l 0
|o 004.6 STA
|p 2430000008156
|r 2021-01-17 00:00:00
|t 1
|w 2021-01-17
|y BK15
|x 20141106 0 ΧΑΣΑΝΗ 1
|x GrPaTEI - Antirrio
|
| 952 |
|
|
|0 0
|1 0
|2 ddc
|4 0
|6 004_600000000000000_STA
|7 0
|9 262814
|a LISK-2
|b LISK-2
|c BSC
|d 2021-01-17
|e 24
|f 0
|g 0.00
|l 0
|o 004.6 STA
|p 2430000008157
|r 2021-01-17 00:00:00
|t 1
|w 2021-01-17
|y BK15
|x 20141106 0 ΧΑΣΑΝΗ 1
|x GrPaTEI - Antirrio
|
| 952 |
|
|
|0 0
|1 0
|2 ddc
|4 0
|6 004_600000000000000_STA
|7 0
|9 262815
|a LISK-2
|b LISK-2
|c BSC
|d 2021-01-17
|e 24
|f 0
|g 0.00
|l 0
|o 004.6 STA
|p 2430000008158
|r 2021-01-17 00:00:00
|t 1
|w 2021-01-17
|y BK15
|x 20141106 0 ΧΑΣΑΝΗ 1
|x GrPaTEI - Antirrio
|
| 952 |
|
|
|0 0
|1 0
|2 ddc
|4 0
|6 004_600000000000000_STA
|7 0
|9 262816
|a LISK-2
|b LISK-2
|c BSC
|d 2021-01-17
|e 24
|f 0
|g 0.00
|l 0
|o 004.6 STA
|p 2430000008159
|r 2021-01-17 00:00:00
|t 1
|w 2021-01-17
|y BK15
|x 20141106 0 ΧΑΣΑΝΗ 1
|x GrPaTEI - Antirrio
|
| 952 |
|
|
|0 0
|1 0
|2 ddc
|4 0
|6 004_600000000000000_STA
|7 0
|9 262817
|a LISK-2
|b LISK-2
|c BSC
|d 2021-01-17
|e 24
|f 0
|g 0.00
|l 0
|o 004.6 STA
|p 2430000008160
|r 2021-01-17 00:00:00
|t 1
|w 2021-01-17
|y BK15
|x 20141106 0 ΧΑΣΑΝΗ 1
|x GrPaTEI - Antirrio
|
| 952 |
|
|
|0 0
|1 0
|2 ddc
|4 0
|6 004_600000000000000_STA
|7 0
|9 262818
|a LISK-2
|b LISK-2
|c BSC
|d 2021-01-17
|e 24
|f 0
|g 0.00
|l 0
|o 004.6 STA
|p 2430000008161
|r 2021-01-17 00:00:00
|t 1
|w 2021-01-17
|y BK15
|x 20141106 0 ΧΑΣΑΝΗ 1
|x GrPaTEI - Antirrio
|
| 952 |
|
|
|0 0
|1 0
|2 ddc
|4 0
|6 004_600000000000000_STA
|7 0
|9 262819
|a LISK-2
|b LISK-2
|c BSC
|d 2021-01-17
|e 24
|f 0
|g 0.00
|l 0
|o 004.6 STA
|p 2430000008162
|r 2021-01-17 00:00:00
|t 1
|w 2021-01-17
|y BK15
|x 20141106 0 ΧΑΣΑΝΗ 1
|x GrPaTEI - Antirrio
|
| 952 |
|
|
|0 0
|1 0
|2 ddc
|4 0
|6 004_600000000000000_STA
|7 0
|9 262820
|a LISK-2
|b LISK-2
|c BSC
|d 2021-01-17
|e 24
|f 0
|g 0.00
|l 0
|o 004.6 STA
|p 2430000008163
|r 2021-01-17 00:00:00
|t 1
|w 2021-01-17
|y BK15
|x 20141106 0 ΧΑΣΑΝΗ 1
|x GrPaTEI - Antirrio
|
| 952 |
|
|
|0 0
|1 0
|2 ddc
|4 0
|6 004_600000000000000_STA
|7 0
|9 262821
|a LISK-2
|b LISK-2
|c BSC
|d 2021-01-17
|e 24
|f 0
|g 0.00
|l 0
|o 004.6 STA
|p 2430000008164
|r 2021-01-17 00:00:00
|t 1
|w 2021-01-17
|y BK15
|x 20141106 0 ΧΑΣΑΝΗ 1
|x GrPaTEI - Antirrio
|
| 952 |
|
|
|0 0
|1 0
|2 ddc
|4 0
|6 004_600000000000000_STA
|7 0
|9 262822
|a LISK-2
|b LISK-2
|c BSC
|d 2021-01-17
|e 24
|f 0
|g 0.00
|l 0
|o 004.6 STA
|p 2430000008165
|r 2021-01-17 00:00:00
|t 1
|w 2021-01-17
|y BK15
|x 20141106 0 ΧΑΣΑΝΗ 1
|x GrPaTEI - Antirrio
|
| 952 |
|
|
|0 0
|1 0
|2 ddc
|4 0
|6 004_600000000000000_STA
|7 0
|9 262823
|a LISK-2
|b LISK-2
|c BSC
|d 2021-01-17
|e 24
|f 0
|g 0.00
|l 0
|o 004.6 STA
|p 2430000008166
|r 2021-01-17 00:00:00
|t 1
|w 2021-01-17
|y BK15
|x 20141106 0 ΧΑΣΑΝΗ 1
|x GrPaTEI - Antirrio
|
| 952 |
|
|
|0 0
|1 0
|2 ddc
|4 0
|6 004_600000000000000_STA
|7 0
|9 262824
|a LISK-2
|b LISK-2
|c BSC
|d 2021-01-17
|e 24
|f 0
|g 0.00
|l 0
|o 004.6 STA
|p 2430000008167
|r 2021-01-17 00:00:00
|t 1
|w 2021-01-17
|y BK15
|x 20141106 0 ΧΑΣΑΝΗ 1
|x GrPaTEI - Antirrio
|
| 952 |
|
|
|0 0
|1 0
|2 ddc
|4 0
|6 004_600000000000000_STA
|7 0
|9 262825
|a LISK-2
|b LISK-2
|c BSC
|d 2021-01-17
|e 24
|f 0
|g 0.00
|l 0
|o 004.6 STA
|p 2430000008168
|r 2021-01-17 00:00:00
|t 1
|w 2021-01-17
|y BK15
|x 20141106 0 ΧΑΣΑΝΗ 1
|x GrPaTEI - Antirrio
|
| 952 |
|
|
|0 0
|1 0
|2 ddc
|4 0
|6 004_600000000000000_STA
|7 0
|9 262826
|a LISK-2
|b LISK-2
|c BSC
|d 2021-01-17
|e 24
|f 0
|g 0.00
|l 0
|o 004.6 STA
|p 2430000008169
|r 2021-01-17 00:00:00
|t 1
|w 2021-01-17
|y BK15
|x 20141010 0 ΧΑΣΑΝΗ 1
|x GrPaTEI - Antirrio
|
| 971 |
|
|
|a .b25708521
|b 15-04-20
|c 12-09-16
|
| 999 |
|
|
|c 151406
|d 151406
|